000 00677nam a22001935i 4500
001 170295
003 ES-MaACL
005 20250524063100.0
008 090223s1970 fr |||| | fre d
080 _a782.1
100 1 _aBerg, Alban,
_d1885-1935
_9240618
245 1 0 _aWozzeck :
_bopéra en 3 actes et 15 tableaux /
_cmusique d'Alban Berg ; texte français d'Antoine Golea.
260 _aParis :
_bLibrairie Théatrale :
_bM.-R. Braun,
_c[1970]
300 _a33 p. ;
_c19 cm.
650 4 _aÓperas-
_vLibretos.
_9137584
700 1 _aGolea, Antoine.
_9139491
852 4 _aES-MaACL
_j2248-F-20
_z- Biblioteca Jacinto Martínez Lacalle
999 _c170295
_d170295